| 000 | 01167cam a2200265 4500 | ||
|---|---|---|---|
| 001 | ABS65960 | ||
| 008 | 021001n2002 000 0 eng u | ||
| 035 | _a(Sirsi) u119950 | ||
| 100 | _aSwerling, L | ||
| 245 | _aCommercial lease renewals - get a move on! | ||
| 260 | _c2002 | ||
| 490 |
_aStructural Survey _v20(4) 2002, 136-138(3) |
||
| 520 | _aThe Civil Procedure Rules (CPR) that came into effect in October 2001 were intended to speed up litigation between landlord and tenants. Argues that the CPR have conversely made the whole process of lease negotiation more onerous and complex. Offers a practical guide through the chronological minefield of Part II of the Landlord and Tenant Act 1954 and CPR 1998 Part 56. (TAKEN FROM JOURNAL ABSTRACT). | ||
| 590 | _aABS | ||
| 650 |
_aLANDLORD AND TENANT _96252 |
||
| 650 | _aCIVIL PROCEDURE RULES 1998 | ||
| 650 | _aLEASE RENEWAL | ||
| 650 | _aCOMMERCIAL LEASES | ||
| 650 | _aCIVIL PROCEDURE RULES 1998 PART 56 | ||
| 650 | _aLANDLORD AND TENANT ACT 1954 PART II | ||
| 650 | _aPROPERTY-COMMERCIAL PROPERTY | ||
| 650 | _aNEGOTIATING | ||
| 690 | _aLANDLORD AND TENANT-BUSINESS TENANCIES | ||
| 942 | _n0 | ||
| 999 |
_c71271 _d71271 |
||